000 00568cab a2200229 4500
001 X1111
008 090401t1993 xxu||||| |||| 00| 0 eng d
035 _a(Sirsi) u14743
041 _aeng
100 _aParkes, L.
245 _aNRA sets up Water Protection Zones
260 _c1993
350 _a0
490 _aCS Monthly : Rural Practice
_v3(2) October 1993, 3(1)
650 _aGROUNDWATER
650 _aNATIONAL RIVERS AUTHORITY
650 _aWATER PROTECTION ZONES
690 _aRURAL PRACTICE
690 _aWATER
942 _n0
948 _c04/03/1997
999 _c9621
_d9621